000 00376nam a2200157Ia 4500
008 210210b1970 xxu||||| |||| 00| 0 eng d
082 _a658 BATT
100 _aBATTEN (J D).
245 _aTough-minded management.
250 _a
260 _aBombay.
_bD B Taraporevala Sons,
_c1970
300 _a218
650 _aManagement
690 _aManagemen
906 _a03070
999 _c81816
_d81816